Öntözés hatása a vetőmagborsó terméshozamára

Elmentve itt :
Bibliográfiai részletek
Szerző: Forró Richárd
További közreműködők: Csontos Györgyi (Témavezető)
Dokumentumtípus: Szakdolgozat
Megjelent: 2018
Kulcsszavak:Öntözés
Borsótermesztés
Vetőmagtermesztés
Tárgyszavak:
Online Access:http://diploma.bibl.u-szeged.hu/103110
LEADER 00758nta a2200241 i 4500
001 dipl103110
005 20211021071224.0
008 211012s2018 hu om 0|| hun d
040 |a SZTE Diploma Repozitórium  |b hun 
041 |a hun 
100 1 |a Forró Richárd 
245 1 0 |a Öntözés hatása a vetőmagborsó terméshozamára  |h [elektronikus dokumentum] /  |c Richárd Forró 
260 |c 2018 
300 |a 48 
650 4 |a Agrár 
650 4 |a Agricultural sciences 
650 4 |a Vegetables 
650 4 |a Irrigation economics 
695 |a Öntözés 
695 |a Borsótermesztés 
695 |a Vetőmagtermesztés 
700 1 |a Csontos Györgyi  |e ths 
856 4 0 |u http://diploma.bibl.u-szeged.hu/id/eprint/103110/1/2018_forro_richard.pdf  |z Dokumentum-elérés